[Event "GER-chT North U14"]
[Site "Magdeburg"]
[Date "2012.09.07"]
[Round "3.2"]
[White "Rost, Henning"]
[Black "Gressmann, Moritz"]
[Result "1/2-1/2"]
[WhiteElo "1388"]
[BlackElo "1772"]
[PlyCount "190"]
[EventDate "2012.09.06"]
[EventType "team-swiss"]
[EventRounds "7"]
[EventCountry "GER"]
[SourceTitle "EXT 2015"]
[Source "ChessBase"]
[SourceDate "2014.11.20"]
[SourceVersion "1"]
[SourceVersionDate "2014.11.20"]
[SourceQuality "1"]
[WhiteTeam "Bad Schwartau"]
[BlackTeam "Weissensee"]
[WhiteTeamCountry "GER"]
[BlackTeamCountry "GER"]

1. e4 e5 2. Nf3 Nc6 3. c3 d6 4. d4 Be7 5. d5 Nb8 6. Be2 f5 7. Nbd2 Nf6 8. O-O
fxe4 9. Nxe4 O-O 10. Nxf6+ Bxf6 11. h3 Bf5 12. Be3 Nd7 13. Qd2 Nb6 14. Rad1 Be4
15. c4 Bxf3 16. gxf3 Qd7 17. Kh2 Bh4 18. b3 Rf7 19. Rg1 Kh8 20. Rg4 Be7 21.
Rdg1 Raf8 22. Qc2 Nc8 23. Qe4 g6 24. Bh6 Rd8 25. f4 Qf5 26. Qe3 g5 27. Bd3 exf4
28. Qf3 Qd7 29. Bxg5 Bxg5 30. Rxg5 Rdf8 31. Qg2 Qe8 32. Rg7 f3 33. Qg5 Qe5+ 34.
Qxe5 dxe5 35. Rxf7 Rxf7 36. Rg5 Re7 37. Be4 Nd6 38. Bxf3 Rf7 39. Kg2 e4 40. Bg4
h6 41. Re5 b6 42. Kf1 Kg7 43. Re6 Kh7 44. Ke2 a5 45. a4 Kg7 46. Ke3 Nb7 47.
Rxe4 Nc5 48. Be6 Nxe4 49. Bxf7 Nc5 50. Be8 Nxb3 51. Kf4 Kf6 52. Bb5 Nc1 53. h4
Nd3+ 54. Ke3 Ne1 55. h5 Kg5 56. Be8 Nc2+ 57. Ke4 Nb4 58. Bg6 Kf6 59. Kd4 Na6
60. f4 Nc5 61. Bc2 Nb7 62. d6 Nxd6 63. Kd5 Ke7 64. Bd3 Nb7 65. Kc6 Nc5 66. Bc2
Na6 67. Kb7 Nb4 68. Be4 Kd6 69. f5 Na2 70. f6 Ke6 71. Kxc7 Kxf6 72. Kxb6 Ke5
73. Bd5 Nc3 74. Kxa5 Kd6 75. Kb4 Na2+ 76. Kb3 Nc1+ 77. Kc2 Ne2 78. a5 Kc7 79.
Kd2 Nf4 80. Bf3 Ne6 81. Ke3 Kb8 82. a6 Ka7 83. Bb7 Ng7 84. c5 Nxh5 85. Kf3 Ng7
86. Bc8 Kb8 87. c6 Ne8 88. Bb7 h5 89. Bc8 Kxc8 90. a7 Nc7 91. Kg3 Na8 92. Kh4
Kc7 93. Kxh5 Kxc6 94. Kg6 Kb7 95. Kf7 Kxa7 1/2-1/2

[Event "corr RSS7E adv-128"]
[Site "www.remoteschach.de"]
[Date "2012.09.07"]
[Round "?"]
[White "Schatz, Hans Dieter"]
[Black "Teske, Heike"]
[Result "1-0"]
[WhiteElo "2276"]
[BlackElo "2209"]
[PlyCount "101"]
[EventDate "2012.??.??"]
[EventType "tourn (corr)"]
[SourceTitle "OM Corr 202003"]
[Source "Opening Master"]
[SourceDate "2019.05.30"]
[SourceVersion "2"]
[SourceVersionDate "2019.05.30"]
[SourceQuality "1"]

1. e4 e5 2. Nf3 Nc6 3. c3 d5 4. Qa4 f6 5. d3 Be6 6. Be2 Bd6 7. Nbd2 Nge7 8. b4
a6 9. exd5 Bxd5 10. Ne4 O-O 11. Qc2 Ng6 12. a3 Be7 13. O-O Qd7 14. Rb1 b6 15.
Re1 Rfe8 16. Ng3 Rad8 17. a4 Bf8 18. b5 axb5 19. axb5 Na5 20. c4 Bb7 21. Bd2
Nf4 22. Bxf4 exf4 23. Ne4 Qf7 24. Ned2 Bc5 25. Bf1 Rxe1 26. Rxe1 Qf8 27. h3 Bb4
28. Rb1 Qd6 29. d4 Bxd2 30. c5 Qe7 31. Nxd2 Rxd4 32. c6 Bc8 33. Nf3 Rd6 34. Re1
Re6 35. Ra1 g5 36. Rd1 Qf7 37. Rd8+ Re8 38. Rxe8+ Qxe8 39. Bd3 Qf7 40. Nd4 Qg7
41. Bf5 Qf8 42. Qa2+ Kg7 43. Bd7 Kh8 44. Bxc8 h5 45. Bf5 Qe7 46. Qe6 Qxe6 47.
Nxe6 Nb3 48. Nxc7 Nd4 49. Bd3 f3 50. Nd5 Kg7 51. c7 1-0

[Event "GER-chT North U14"]
[Site "Magdeburg"]
[Date "2012.09.06"]
[Round "2.3"]
[White "Sass, Patrick"]
[Black "Oleskow, Jan Christian"]
[Result "0-1"]
[WhiteElo "1160"]
[BlackElo "1366"]
[PlyCount "90"]
[EventDate "2012.09.06"]
[EventType "team-swiss"]
[EventRounds "7"]
[EventCountry "GER"]
[SourceTitle "EXT 2015"]
[Source "ChessBase"]
[SourceDate "2014.11.20"]
[SourceVersion "1"]
[SourceVersionDate "2014.11.20"]
[SourceQuality "1"]
[WhiteTeam "Bad Schwartau"]
[BlackTeam "Bremer Osten"]
[WhiteTeamCountry "GER"]
[BlackTeamCountry "GER"]

1. e4 e5 2. Nf3 Nc6 3. c3 Nf6 4. d4 exd4 5. e5 Ng8 6. cxd4 d6 7. Bb5 Bd7 8. Bf4
dxe5 9. Nxe5 Nxe5 10. dxe5 Bxb5 11. Nc3 Bc6 12. O-O Be7 13. Qxd8+ Rxd8 14. Rfd1
Rd7 15. Rxd7 Bxd7 16. Ne4 Bc6 17. Re1 Bxe4 18. Rxe4 Bd8 19. Be3 b6 20. Bd4 Ne7
21. e6 O-O 22. exf7+ Rxf7 23. Be3 Nf5 24. Re8+ Rf8 25. Rxf8+ Kxf8 26. Kf1 Nxe3+
27. fxe3 a5 28. Ke2 Ke7 29. Kd3 Kd7 30. Ke4 Kc6 31. b3 b5 32. Kd4 Kd6 33. g4
c5+ 34. Kc3 Bf6+ 35. Kd3 Kd5 36. a4 bxa4 37. bxa4 c4+ 38. Kc2 Ke4 39. h4 Bxh4
40. g5 Bxg5 41. Kd1 Kd3 42. Kc1 c3 43. Kb1 c2+ 44. Kc1 Bh4 45. e4 Kc3 0-1

[Event "corr freechess 2012"]
[Site "freechess.de"]
[Date "2012.09.06"]
[Round "?"]
[White "Priegnitz, Uwe"]
[Black "Flaccus, Daniel"]
[Result "0-1"]
[WhiteElo "1304"]
[BlackElo "1476"]
[PlyCount "94"]
[EventDate "2012.??.??"]
[EventType "tourn (corr)"]
[SourceTitle "OM Corr 202003"]
[Source "Opening Master"]
[SourceDate "2019.05.30"]
[SourceVersion "2"]
[SourceVersionDate "2019.05.30"]
[SourceQuality "1"]

1. e4 e5 2. Nf3 Nc6 3. c3 d5 4. exd5 Qxd5 5. b3 Bg4 6. Bc4 Bxf3 7. gxf3 Qd7 8.
d3 O-O-O 9. a4 Na5 10. Be3 Nxc4 11. bxc4 f5 12. Ke2 c5 13. Na3 f4 14. Bc1 a6
15. Nc2 Ne7 16. Ba3 Nf5 17. Re1 Nh4 18. Kd2 Qxd3+ 19. Kc1 Qxc3 20. Qe2 Nxf3 21.
Rd1 Rxd1+ 22. Qxd1 Nd4 23. Ra2 Qxc4 24. Rb2 f3 25. Kb1 Qxa4 26. Qd3 Nxc2 27.
Rxc2 b6 28. Qf5+ Qd7 29. Qxe5 Qd1+ 30. Rc1 Qd3+ 31. Kb2 Kb7 32. Rc2 Qd4+ 33.
Qxd4 cxd4 34. Rd2 Bc5 35. Kb3 Kc6 36. Bb2 Rd8 37. Rd3 Rd6 38. Rxf3 d3 39. Bc3
d2 40. Bxd2 Rxd2 41. Rf7 Rxf2 42. Rxg7 Rxh2 43. Kc3 Kb5 44. Rg4 h5 45. Rf4 Rh3+
46. Kb2 h4 47. Kc1 Be3+ 0-1

[Event "Istanbul ol (Men) 40th"]
[Site "Istanbul"]
[Date "2012.09.05"]
[Round "8.4"]
[White "Flaquer, Luis"]
[Black "Lungu, Nase"]
[Result "1-0"]
[WhiteElo "2297"]
[BlackElo "2252"]
[PlyCount "107"]
[EventDate "2012.08.28"]
[EventType "team-swiss"]
[EventRounds "11"]
[EventCountry "TUR"]
[SourceTitle "CBM 151"]
[Source "ChessBase"]
[SourceDate "2012.11.13"]
[SourceVersion "1"]
[SourceVersionDate "2012.11.13"]
[SourceQuality "1"]
[WhiteTeam "Dominican Republic"]
[BlackTeam "Zambia"]
[WhiteTeamCountry "DOM"]
[BlackTeamCountry "ZAM"]

1. e4 e5 2. Nf3 Nc6 3. c3 Nf6 4. d4 d6 5. Bb5 Bd7 6. O-O Be7 7. Re1 O-O 8. d5
Nb8 9. Bxd7 Nbxd7 10. c4 g6 11. Nc3 Re8 12. Rb1 c5 13. dxc6 bxc6 14. b4 Qc8 15.
Qb3 Kg7 16. h3 Rb8 17. Be3 d5 18. cxd5 Rxb4 19. Qd1 cxd5 20. Nxd5 Rxe4 21. Rc1
Qb7 22. Ng5 Rh4 23. Nxe7 Rxe7 24. Qd6 Nb6 25. Nf3 Ne8 26. Qd8 Rc4 27. Nxe5 Qc7
28. Bh6+ Kg8 29. Qxe7 Qxe7 30. Nxc4 Qd8 31. Nxb6 axb6 32. Rcd1 Qc8 33. Re7 Ng7
34. g4 Ne6 35. Rdd7 g5 36. Rxf7 Qe8 37. Rfe7 Qc8 38. Kh2 Qb8+ 39. Kg1 Qc8 40.
Rg7+ Kh8 41. Rgf7 Kg8 42. Kg2 Qa8+ 43. Kh2 Qb8+ 44. f4 gxf4 45. Bxf4 Qa8 46.
Bh6 Qxa2+ 47. Kg3 Qa8 48. Rf6 Qc8 49. Rdf7 b5 50. Rf3 b4 51. Re7 Qb8+ 52. Kg2
Nc5 53. Rg7+ Kh8 54. Rgf7 1-0

[Event "CNJ Echipe - O12"]
[Site "?"]
[Date "2012.09.04"]
[Round "?"]
[White "Colonescu, Anna-Diana"]
[Black "Cristian, Codrut"]
[Result "0-1"]
[WhiteElo "1560"]
[BlackElo "1574"]
[PlyCount "68"]
[EventDate "2012.??.??"]
[SourceTitle "OM OTB B 201907"]
[Source "Opening Master"]
[SourceDate "2019.07.06"]
[SourceVersion "2"]
[SourceVersionDate "2019.07.06"]
[SourceQuality "1"]

1. e4 e5 2. Nf3 Nc6 3. c3 Nf6 4. d3 d5 5. Qc2 Be7 6. Be2 O-O 7. O-O Be6 8. Rd1
h6 9. exd5 Nxd5 10. d4 exd4 11. Nxd4 Nxd4 12. Rxd4 Bf6 13. Rd1 Qe7 14. Bf3 c6
15. Re1 Qc7 16. c4 Nb6 17. Na3 Rfe8 18. Be3 Rad8 19. Rad1 Rxd1 20. Rxd1 Rd8 21.
Be4 Rxd1+ 22. Qxd1 Nxc4 23. Nxc4 Bxc4 24. Qc2 Be6 25. Bh7+ Kh8 26. f4 g6 27.
Bxg6 fxg6 28. Qxg6 Qg7 29. Qe8+ Bg8 30. b3 Bd4 31. Kf1 Bxe3 32. Qxe3 Bd5 33. g3
Qa1+ 34. Kf2 Qxa2+ 0-1

[Event "POL-chT 1st League"]
[Site "Poronin"]
[Date "2012.09.??"]
[Round "3"]
[White "Simacek, Pavel"]
[Black "Staniszewski, Piotr"]
[Result "1/2-1/2"]
[WhiteElo "2477"]
[BlackElo "2419"]
[PlyCount "84"]
[EventDate "2012.09.01"]
[EventType "team"]
[EventRounds "9"]
[EventCountry "POL"]
[SourceTitle "EXT 2013"]
[Source "ChessBase"]
[SourceDate "2012.11.22"]
[SourceVersion "1"]
[SourceVersionDate "2012.11.22"]
[SourceQuality "1"]

1. e4 e5 2. Nf3 Nc6 3. c3 Nf6 4. d4 Nxe4 5. d5 Ne7 6. Nxe5 Ng6 7. Qf3 Nxe5 8.
Qxe4 Qe7 9. Be2 d6 10. O-O Nd7 11. Qc2 g6 12. Na3 Bg7 13. Bd2 O-O 14. Rae1 Qd8
15. Nb5 Nf6 16. c4 Bf5 17. Qc1 Re8 18. Ba5 Rc8 19. Bf3 a6 20. Nd4 Be4 21. b3
Qd7 22. Bxe4 Nxe4 23. Qc2 Ng3 24. hxg3 Bxd4 25. Re4 Be5 26. Rfe1 Kf8 27. Bc3
Bxc3 28. Qxc3 Kg8 29. Qe3 Rxe4 30. Qxe4 h5 31. a4 a5 32. Re3 b6 33. Kf1 Qd8 34.
g4 Qg5 35. gxh5 Qxh5 36. g3 Qh3+ 37. Kg1 Kg7 38. Qd4+ Kg8 39. Re7 Qf5 40. Kg2
Qg5 41. Re1 Ra8 42. g4 f5 1/2-1/2

[Event "Brno Trade op-A 37th"]
[Site "Brno"]
[Date "2012.08.31"]
[Round "7"]
[White "Sergeev, Vladimir"]
[Black "Kantorik, Marian"]
[Result "1-0"]
[WhiteElo "2481"]
[BlackElo "2308"]
[PlyCount "79"]
[EventDate "2012.08.26"]
[EventType "swiss"]
[EventRounds "9"]
[EventCountry "CZE"]
[SourceTitle "CBM 150 Extra"]
[Source "ChessBase"]
[SourceDate "2012.10.19"]
[SourceVersion "1"]
[SourceVersionDate "2012.10.19"]
[SourceQuality "1"]

1. e4 e5 2. Nf3 Nc6 3. c3 d5 4. Qa4 Qd6 5. d3 Nf6 6. Nbd2 Be7 7. Be2 O-O 8. O-O
Re8 9. b4 Bd7 10. b5 Nb8 11. d4 Nxe4 12. Nxe4 dxe4 13. Nxe5 Be6 14. Bf4 Qd8 15.
Bc4 Bd6 16. Rae1 Nd7 17. Bxe6 Rxe6 18. Rxe4 Bxe5 19. Bxe5 a6 20. bxa6 Raxa6 21.
Qc2 Nxe5 22. dxe5 Qe7 23. Rd1 g6 24. f4 Qc5+ 25. Kh1 Rec6 26. Rd3 Qa3 27. Re2
Qa4 28. Qd2 Qc4 29. h3 Kg7 30. Rg3 Qb5 31. Kh2 Re6 32. Rf3 Kg8 33. f5 gxf5 34.
Rxf5 Ra8 35. Ref2 Rae8 36. Qf4 R8e7 37. Qg5+ Kf8 38. Qh5 Ke8 39. Qxh7 Rxe5 40.
Rd2 1-0

[Event "Kragerø Grand Prix"]
[Site "Kragerø"]
[Date "2012.08.31"]
[Round "1"]
[White "Plischewski, Henning"]
[Black "Sivaranjan, Aschmirthan"]
[Result "0-1"]
[WhiteElo "921"]
[BlackElo "1314"]
[PlyCount "68"]
[EventDate "2012.??.??"]

1. e4 e5 2. Nf3 Nc6 3. c3 Nf6 4. d4 exd4 5. Nxd4 Nxd4 6. Qxd4 d6 7. Bg5 Be7 8.
Nd2 O-O 9. Bc4 c5 10. Qd3 Re8 11. O-O h6 12. Bh4 Ng4 13. Bg3 Be6 14. f3 Ne5 15.
Bxe5 dxe5 16. Qe2 Bxc4 17. Nxc4 Bg5 18. Rad1 Qc7 19. Rd5 b5 20. Nd6 Re6 21.
Nxb5 Qb6 22. Kh1 Rae8 23. Rfd1 c4 24. Qxc4 Qf2 25. Nc7 Rg6 26. Nxe8 Bf4 27. Qf1
Qh4 28. h3 Qg3 29. Qg1 Qh4 30. Rd8 Kh7 31. c4 Rg3 32. R1d7 Rxh3+ 33. gxh3 Qxh3+
34. Qh2 Qxh2# 0-1

[Event "Steyr op"]
[Site "Steyr"]
[Date "2012.08.30"]
[Round "4"]
[White "Mostbauer, Florian"]
[Black "Reinwald, Patrick"]
[Result "0-1"]
[WhiteElo "1998"]
[BlackElo "2198"]
[PlyCount "28"]
[EventDate "2012.08.27"]
[EventType "swiss"]
[EventRounds "7"]
[EventCountry "AUT"]
[SourceTitle "CBM 150 Extra"]
[Source "ChessBase"]
[SourceDate "2012.10.19"]
[SourceVersion "1"]
[SourceVersionDate "2012.10.19"]
[SourceQuality "1"]

1. e4 e5 2. Nf3 Nc6 3. c3 Nf6 4. d4 d5 5. exd5 Qxd5 6. dxe5 Qxd1+ 7. Kxd1 Ng4
8. Be3 Nxe3+ 9. fxe3 Bg4 10. h3 O-O-O+ 11. Ke1 Bxf3 12. gxf3 Bc5 13. Kf2 Nxe5
14. f4 Nd3+ 0-1

[Event "BIH-chT1A"]
[Site "Neum"]
[Date "2012.08.29"]
[Round "7.1"]
[White "Miljkovic, Milan1"]
[Black "Hadzovic, Amir"]
[Result "0-1"]
[WhiteElo "2206"]
[BlackElo "2174"]
[PlyCount "110"]
[EventDate "2012.08.25"]
[EventType "team-tourn"]
[EventRounds "9"]
[EventCountry "BIH"]
[SourceTitle "CBM 150 Extra"]
[Source "ChessBase"]
[SourceDate "2012.10.19"]
[SourceVersion "1"]
[SourceVersionDate "2012.10.19"]
[SourceQuality "1"]

1. e4 e5 2. Nf3 Nc6 3. c3 g6 4. d4 exd4 5. cxd4 Bg7 6. Nc3 Nge7 7. Bc4 d6 8. h3
a6 9. a4 O-O 10. O-O Na5 11. Ba2 c5 12. dxc5 dxc5 13. Qxd8 Rxd8 14. Bg5 Re8 15.
Rad1 Nac6 16. Be3 b6 17. Ng5 Rf8 18. f4 Bd4 19. Bxd4 Nxd4 20. Nd5 Nxd5 21. Bxd5
Ra7 22. Kf2 Bd7 23. a5 bxa5 24. Rc1 Bb5 25. Rfd1 Ne2 26. Rxc5 Nxf4 27. Bc4 Bxc4
28. Rxc4 h6 29. g3 hxg5 30. gxf4 gxf4 31. Kf3 Rb7 32. Rd5 Rxb2 33. Rxa5 Rb3+
34. Kxf4 Rxh3 35. Rxa6 Rd8 36. Kg5 Kg7 37. Ra7 Rdd3 38. Kf4 Rhf3+ 39. Ke5 Kh6
40. Ra1 Kg5 41. Rg1+ Rg3 42. Rxg3+ Rxg3 43. Rc1 f5 44. exf5 gxf5 45. Rc8 Re3+
46. Kd4 Kf4 47. Rf8 Re7 48. Kd3 Kg4 49. Rg8+ Kf3 50. Kd2 f4 51. Kd1 Kf2 52. Ra8
f3 53. Kc2 Ke1 54. Rg8 Kf1 55. Rg6 f2 0-1

[Event "Collado Villalba op-A 29th"]
[Site "Collado Villalba"]
[Date "2012.08.29"]
[Round "6"]
[White "Perez Ortego, Alberto"]
[Black "Gutierrez Mordini, Pablo"]
[Result "0-1"]
[WhiteElo "1576"]
[BlackElo "1690"]
[PlyCount "118"]
[EventDate "2012.08.24"]
[EventType "swiss"]
[EventRounds "9"]
[EventCountry "ESP"]
[SourceTitle "CBM 150 Extra"]
[Source "ChessBase"]
[SourceDate "2012.10.19"]
[SourceVersion "1"]
[SourceVersionDate "2012.10.19"]
[SourceQuality "1"]

1. e4 e5 2. Nf3 Nc6 3. c3 Nf6 4. d3 Bc5 5. Be2 O-O 6. O-O d5 7. Nxe5 Nxe5 8. d4
Nxe4 9. dxc5 Nxc5 10. Be3 Ne4 11. Bd4 f6 12. Nd2 Nxd2 13. Qxd2 b6 14. Rad1 Bb7
15. Bxe5 fxe5 16. Bg4 Qf6 17. Bh3 c5 18. g3 d4 19. Bg2 Bxg2 20. Kxg2 Qf3+ 21.
Kg1 Rf5 22. cxd4 exd4 23. Qc2 h5 24. Rd3 Qd5 25. b3 Re8 26. Qc4 Qxc4 27. bxc4
Re2 28. Ra3 Rf7 29. Ra4 d3 30. Ra3 Rd7 31. Rd1 d2 32. Re3 Rxe3 33. fxe3 Rd3 34.
Kf2 Rc3 35. Rxd2 Rxc4 36. h4 Re4 37. Kf3 Re7 38. e4 Kf7 39. Kf4 c4 40. e5 c3
41. Rc2 Rc7 42. Ke4 Ke6 43. Kd4 a6 44. a3 Rc5 45. a4 Rd5+ 46. Kc4 Rxe5 47. Kd4
Rd5+ 48. Ke4 Rc5 49. Kd4 Kd6 50. Kd3 b5 51. axb5 axb5 52. Kd4 b4 53. Kd3 b3 54.
Rxc3 Rxc3+ 55. Kxc3 Ke5 56. Kxb3 Kf5 57. Kc4 Kg4 58. Kd4 Kxg3 59. Ke4 Kxh4 0-1

[Event "Velika Gorica op 10th"]
[Site "Velika Gorica"]
[Date "2012.08.27"]
[Round "7"]
[White "Novak, Gorazd"]
[Black "Pavic, Filip"]
[Result "1-0"]
[WhiteElo "2254"]
[BlackElo "1785"]
[PlyCount "41"]
[EventDate "2012.08.20"]
[EventType "swiss"]
[EventRounds "9"]
[EventCountry "CRO"]
[SourceTitle "CBM 150 Extra"]
[Source "ChessBase"]
[SourceDate "2012.10.19"]
[SourceVersion "1"]
[SourceVersionDate "2012.10.19"]
[SourceQuality "1"]

1. e4 e5 2. Nf3 Nc6 3. c3 d5 4. Qa4 dxe4 5. Nxe5 Qd5 6. Nxc6 bxc6 7. Bc4 Qd6 8.
O-O Nf6 9. d3 Be7 10. dxe4 Nxe4 11. Bxf7+ Kxf7 12. Qxe4 Be6 13. Qf3+ Bf6 14.
Bf4 Qd7 15. Nd2 Bd5 16. Qg3 Rhe8 17. c4 Be6 18. Rad1 Bxb2 19. Ne4 Qc8 20. Rd2
Rb8 21. Bxc7 1-0

[Event "BIH-chT1A"]
[Site "Neum"]
[Date "2012.08.25"]
[Round "1.4"]
[White "Bucan, Eldin"]
[Black "Nezirovic, Ozren"]
[Result "1-0"]
[WhiteElo "2140"]
[BlackElo "2132"]
[PlyCount "117"]
[EventDate "2012.08.25"]
[EventType "team-tourn"]
[EventRounds "9"]
[EventCountry "BIH"]
[SourceTitle "CBM 150 Extra"]
[Source "ChessBase"]
[SourceDate "2012.10.19"]
[SourceVersion "1"]
[SourceVersionDate "2012.10.19"]
[SourceQuality "1"]

1. e4 e5 2. Nf3 Nc6 3. c3 Nf6 4. d4 exd4 5. e5 Ne4 6. Qe2 Nc5 7. cxd4 Ne6 8. d5
Ned4 9. Qe4 Nxf3+ 10. Qxf3 Nd4 11. Qe4 Bb4+ 12. Nc3 c5 13. Be3 Qb6 14. Bd3 Qg6
15. O-O Nf3+ 16. Qxf3 Qxd3 17. Ne4 O-O 18. a3 Ba5 19. Rad1 Qb3 20. Nxc5 Qxb2
21. Bd4 Qc2 22. Ne4 Bb6 23. Ba1 Bd8 24. Rc1 Qa2 25. Rfd1 Be7 26. d6 Bd8 27. Qc3
Qe6 28. Rd3 b6 29. Rg3 Bb7 30. Qd3 Rc8 31. Rxc8 Bxc8 32. f4 Qa2 33. Bd4 Ba6 34.
Qd1 g6 35. f5 Bb7 36. Nc3 Qc4 37. Qd2 Ba6 38. Rf3 Bg5 39. Qxg5 Qxd4+ 40. Qe3
Qxe3+ 41. Rxe3 gxf5 42. Nd5 f4 43. Rf3 Kg7 44. Rxf4 Bd3 45. Nf6 Rd8 46. h4 b5
47. Kf2 Bc4 48. Rg4+ Kh8 49. Ke3 Be6 50. Rg3 Rc8 51. Kd2 a5 52. Rc3 Rb8 53. Rc7
b4 54. axb4 axb4 55. Nxd7 Rb5 56. Nc5 b3 57. Nxe6 fxe6 58. Re7 Rd5+ 59. Kc3 1-0

[Event "Plzen op"]
[Site "Plzen"]
[Date "2012.08.24"]
[Round "8"]
[White "Sladek, Jaroslav"]
[Black "Roew, Rolf"]
[Result "1-0"]
[WhiteElo "2011"]
[BlackElo "1811"]
[PlyCount "43"]
[EventDate "2012.08.18"]
[EventType "swiss"]
[EventRounds "9"]
[EventCountry "CZE"]
[SourceTitle "CBM 150 Extra"]
[Source "ChessBase"]
[SourceDate "2012.10.19"]
[SourceVersion "1"]
[SourceVersionDate "2012.10.19"]
[SourceQuality "1"]

1. e4 e5 2. Nf3 Nc6 3. c3 Bc5 4. d4 exd4 5. cxd4 Bb4+ 6. Bd2 Qe7 7. Bd3 d5 8.
O-O dxe4 9. Bxe4 Nf6 10. Bxc6+ bxc6 11. Qa4 Bxd2 12. Qxc6+ Qd7 13. Qxa8 Bb4 14.
a3 Ba5 15. b4 Bb6 16. Re1+ Kf8 17. Ne5 Qf5 18. Nf3 Qd7 19. Nbd2 g6 20. Ne4 Nd5
21. Ne5 Qe6 22. Ng5 1-0

[Event "EU-ch U14 Girls"]
[Site "Prague"]
[Date "2012.08.23"]
[Round "7"]
[White "Dordzhieva, Dinara"]
[Black "Vidic, Teja"]
[Result "0-1"]
[WhiteElo "2055"]
[BlackElo "1888"]
[PlyCount "96"]
[EventDate "2012.08.17"]
[EventType "swiss"]
[EventRounds "9"]
[EventCountry "CZE"]
[SourceTitle "CBM 150 Extra"]
[Source "ChessBase"]
[SourceDate "2012.10.19"]
[SourceVersion "1"]
[SourceVersionDate "2012.10.19"]
[SourceQuality "1"]

1. e4 e5 2. Nf3 Nc6 3. c3 d5 4. Qa4 f6 5. d3 Be6 6. Nbd2 Qd7 7. Be2 O-O-O 8.
Rb1 Kb8 9. b4 Nd4 10. Qxd7 Nxf3+ 11. Bxf3 Rxd7 12. a4 Ne7 13. Kd1 Nc6 14. b5
Na5 15. Kc2 Bc5 16. Rf1 Rhd8 17. Be2 f5 18. exf5 Bxf5 19. Nb3 Nxb3 20. Rxb3 d4
21. c4 e4 22. f3 e3 23. Ba3 Bxa3 24. Rxa3 Rd6 25. Raa1 Rg6 26. g4 Bc8 27. a5
Rh6 28. Rh1 Rh3 29. Rag1 Rd6 30. Rg3 Rdh6 31. Rxh3 Rxh3 32. Kd1 b6 33. a6 c6
34. bxc6 Bxa6 35. Ke1 Rh6 36. Kf1 Rxc6 37. Kg2 b5 38. cxb5 Rc2 39. bxa6 Rxe2+
40. Kg3 Rd2 41. Rb1+ Kc8 42. Rb7 Rxd3 43. Re7 Rd2 44. Rxa7 e2 45. Kf2 d3 46.
Re7 Kb8 47. a7+ Ka8 48. Re3 Rd1 0-1

[Event "FICGS__CHESS__RAPID_E__000086"]
[Site "FICGS"]
[Date "2012.08.23"]
[Round "1"]
[White "Melquiades, Jay"]
[Black "Salinas, Marcelo"]
[Result "0-1"]
[WhiteElo "892"]
[BlackElo "1219"]
[PlyCount "48"]
[EventDate "2012.??.??"]
[EventType "rapid"]

1. e4 e5 2. Nf3 Nc6 3. c3 d6 4. d4 exd4 5. Nxd4 Qh4 6. Nd2 Nxd4 7. cxd4 Nf6 8.
Qa4+ Bd7 9. Qb3 Nxe4 10. g3 Qe7 11. Qe3 d5 12. a4 Qb4 13. f3 f5 14. fxe4 dxe4
15. Bb5 c6 16. Bc4 O-O-O 17. a5 b5 18. a6 bxc4 19. d5 Bc5 20. Qf4 e3 21. O-O
exd2+ 22. Kh1 dxc1=Q 23. Qxc1 c3 24. bxc3 Qe4+ 0-1

[Event "EU-ch U10"]
[Site "Prague"]
[Date "2012.08.22"]
[Round "6"]
[White "Kerem, Halil Ozgun"]
[Black "Tomasi, Albert"]
[Result "0-1"]
[WhiteElo "1532"]
[BlackElo "1754"]
[PlyCount "120"]
[EventDate "2012.08.17"]
[EventType "swiss"]
[EventRounds "9"]
[EventCountry "CZE"]
[SourceTitle "CBM 150 Extra"]
[Source "ChessBase"]
[SourceDate "2012.10.19"]
[SourceVersion "1"]
[SourceVersionDate "2012.10.19"]
[SourceQuality "1"]

1. e4 e5 2. Nf3 Nc6 3. c3 Nf6 4. d4 d5 5. exd5 Qxd5 6. dxe5 Qxd1+ 7. Kxd1 Ng4
8. Ke1 Bc5 9. Bb5 O-O 10. Bxc6 bxc6 11. Nd4 Nxe5 12. Be3 Nd3+ 13. Kd2 Nxb2 14.
Nxc6 Nc4+ 15. Ke2 Re8 16. Nd4 Ba6 17. Kf3 Bb7+ 18. Ke2 Nxe3 19. fxe3 Bxg2 20.
Rg1 Be4 21. Nd2 Bg6 22. N2b3 Bd6 23. Kd2 Bxh2 24. Rh1 Be5 25. Nc5 Rab8 26. Nd3
Bd6 27. Rab1 c5 28. Rxb8 Rxb8 29. Ne2 a5 30. a4 c4 31. Ne1 Be5 32. Rh4 Rd8+ 33.
Nd4 h5 34. Nef3 Bf6 35. Rh1 Be4 36. Ke2 h4 37. Kf2 g5 38. Rg1 h3 39. Nxg5 h2
40. Nxe4+ hxg1=Q+ 41. Kxg1 Bxd4 42. exd4 Rb8 43. Nd6 Rb1+ 44. Kf2 Ra1 45. Nxc4
Rxa4 46. Ne3 Ra3 47. Nc4 Ra4 48. Ne3 Ra2+ 49. Ke1 a4 50. Kd1 a3 51. Nc4 f5 52.
d5 f4 53. Kc1 f3 54. d6 Kf8 55. Ne3 Re2 56. d7 Ke7 57. Nf5+ Kxd7 58. Kb1 f2 59.
Ng3 Re1+ 60. Ka2 Rg1 0-1

[Event "EU-ch U16"]
[Site "Prague"]
[Date "2012.08.22"]
[Round "6"]
[White "Toman, Ondrej"]
[Black "Hochshtad, Eyal"]
[Result "1-0"]
[WhiteElo "2074"]
[BlackElo "1958"]
[PlyCount "33"]
[EventDate "2012.08.17"]
[EventType "swiss"]
[EventRounds "9"]
[EventCountry "CZE"]
[SourceTitle "CBM 150 Extra"]
[Source "ChessBase"]
[SourceDate "2012.10.19"]
[SourceVersion "1"]
[SourceVersionDate "2012.10.19"]
[SourceQuality "1"]

1. e4 e5 2. Nf3 Nc6 3. c3 d5 4. Qa4 dxe4 5. Nxe5 Qd5 6. Nxc6 bxc6 7. Bc4 Qd7 8.
O-O Nf6 9. d4 Bd6 10. Bg5 O-O 11. Nd2 Ng4 12. h3 h6 13. hxg4 Qxg4 14. Be3 Qh4
15. f4 Qg3 16. Rf2 Qxe3 17. Nf1 1-0

[Event "Polanica Zdroj op-D 48th"]
[Site "Polanica Zdroj"]
[Date "2012.08.21"]
[Round "4"]
[White "Szymanowski, Igor"]
[Black "Szydelko, Marcin"]
[Result "0-1"]
[WhiteElo "1642"]
[BlackElo "1869"]
[PlyCount "72"]
[EventDate "2012.08.18"]
[EventType "swiss"]
[EventRounds "9"]
[EventCountry "POL"]
[SourceTitle "EXT 2014"]
[Source "ChessBase"]
[SourceDate "2013.11.20"]
[SourceVersion "1"]
[SourceVersionDate "2013.11.20"]
[SourceQuality "1"]

1. e4 e5 2. Nf3 Nc6 3. c3 d5 4. exd5 Qxd5 5. d3 Bf5 6. Nh4 Bg6 7. Be2 O-O-O 8.
c4 Qd6 9. Nxg6 hxg6 10. Nc3 Nd4 11. Be3 f5 12. Bxd4 exd4 13. Nb5 Qb4+ 14. Qd2
a6 15. Na3 Qa4 16. Nc2 Nf6 17. b3 Qd7 18. a4 Bd6 19. h3 Rde8 20. Kd1 c5 21. b4
Qc7 22. a5 Bf4 23. Qe1 Qc6 24. Qf1 Nd7 25. Bf3 Qc7 26. b5 Ne5 27. Bd5 axb5 28.
cxb5 Qd7 29. Bc4 Nxc4 30. dxc4 d3 31. Ne3 Qd4 32. Ra3 Bxe3 33. fxe3 Rxe3 34.
Kd2 Re2+ 35. Kd1 Qb2 36. Rxd3 Qc2# 0-1

[Event "Bogota IRT op 08"]
[Site "Bogota"]
[Date "2012.08.20"]
[Round "7"]
[White "Piraquive, Alberto"]
[Black "Corpus Vanegas, Eugenio Miguel"]
[Result "1-0"]
[WhiteElo "1988"]
[BlackElo "1867"]
[PlyCount "54"]
[EventDate "2012.08.17"]
[EventType "swiss"]
[EventRounds "7"]
[EventCountry "COL"]
[SourceTitle "EXT 2013"]
[Source "ChessBase"]
[SourceDate "2012.11.22"]
[SourceVersion "1"]
[SourceVersionDate "2012.11.22"]
[SourceQuality "1"]

1. e4 e5 2. Nf3 Nc6 3. c3 d5 4. Bb5 dxe4 5. Nxe5 Qd5 6. Nxc6 Qxb5 7. Nd4 Qg5 8.
Kf1 Qd5 9. d3 Nf6 10. Qe2 Be7 11. dxe4 Nxe4 12. f3 Nd6 13. Kf2 Kd8 14. Rd1 Re8
15. Qc2 Qh5 16. Bf4 Bd7 17. Nd2 f5 18. Qb3 Kc8 19. Nc4 g5 20. Nxd6+ cxd6 21.
Qc4+ Kd8 22. Be5 Qg6 23. Qd5 Kc7 24. Nb5+ Bxb5 25. Qxb5 Rad8 26. Bd4 Kb8 27.
Qa5 b6 1-0